000
00286nam a22001217a 4500
008
170406b xxu||||| |||| 00| 0 eng d
041
_a
eng
080
_2
3 ED
_a
616.34
100
_a
9
101
_a
SHM
245
_a
HEMATOLOGY BASIC PRINCIPLES AND PRACTICE
_c
HOFFMAN.R
942
_2
udc
_c
BK
999
_c
9905
_d
9905